| 000 | 00791nam a2200217Ia 4500 | ||
|---|---|---|---|
| 003 | GCL | ||
| 008 | 140319s9999 xx 000 0 ara d | ||
| 020 | _a4002154015 | ||
| 040 |
_aGCL / _cGCL |
||
| 082 | 0 | 4 |
_a189.1 _bأ ب |
| 100 | 1 | _aاغناتنكو، الكسندر | |
| 245 | 1 | 0 |
_aبحثا عن السعادة : _bالافكار الاجتماعية السياسية فى الفلسفة العربية الاسلامية / _cاغناتنكو، الكسندر |
| 250 | _aالاولى | ||
| 260 |
_a[S.N] : _bدار التقدم ، _c1990 |
||
| 300 |
_a245 ص ؛ _c21 سم |
||
| 650 | 0 | 4 | _aالفلسفة الاسلامية |
| 650 | 0 | 4 | _aالتصوف الاسلامى |
| 650 | 0 | 4 | _aالفلسفة اليونانية |
| 650 | 0 | 4 | _aالفلاسفة المسلمون |
| 942 |
_2ddc _cBK |
||
| 999 |
_c4659 _d4659 |
||